000 nam a22 7a 4500
999 _c9025
_d9025
008 180122b ||||| |||| 00| 0 eng d
100 _95321
_aEWING.R
245 _aCREATIVE ARTS IN THE LIVES OF YOUNG CHILDRENS
260 _aASTRALIA
_bACER
_c2016